Т. 2; Справочник технолога-приборостроителя

Bibliographic Details
Parent link:Справочник технолога-приборостроителя: В 2-х т./ Под ред. П. В. Сыроватченко. Т. 2.— 2-е изд., перераб. и доп..— , 1980-
Other Authors: Билибин К. И. (редактор), Голиков В. И., Законников В. П., Козырев Ю. И., Котов Е. П., Малов А. Н., Пакнис А. Б., Парфенов О. Д., Прапорцов А. М., Проклова В. Д., Скворцов К. Ф., Скороходов Е. А., Сыроватченко П. В.
Language:Russian
Published: 1980
Subjects:
Format: Book
KOHA link:https://koha.lib.tpu.ru/cgi-bin/koha/opac-detail.pl?biblionumber=33429

MARC

LEADER 00000nam2a2200000 4500
001 33429
005 20231101210150.0
035 |a (RuTPU)RU\TPU\book\33768 
035 |a BOOK00000419 
090 |a 33429 
100 |a 20011210d1980 km y0rusy50 ca 
101 0 |a rus 
102 |a RU 
105 |a a g 000zy 
200 0 |a Т. 2  |f К. И. Билибин, В. И. Голиков, В. П. Законников и др.  |g Под ред. Е. А. Скороходова 
210 |d 1980 
215 |a 463 с.  |c ил. 
320 |a Библиогр. в конце глав. 
461 1 |0 (RuTPU)RU\TPU\book\39429  |t Справочник технолога-приборостроителя  |o В 2-х т.  |f Под ред. П. В. Сыроватченко  |v Т. 2  |e 2-е изд., перераб. и доп.  |d 1980- 
606 |a Приборостроение  |x Технология  |2 stltpush  |3 (RuTPU)RU\TPU\subj\51547  |9 70120 
610 1 |a технологические процессы 
610 1 |a справочники 
675 |a 681.2.002(035)  |v 3 
701 1 |a Билибин  |b К. И. 
701 1 |a Голиков  |b В. И. 
701 1 |a Законников  |b В. П. 
701 1 |a Козырев  |b Ю. И. 
701 1 |a Котов  |b Е. П. 
701 1 |a Малов  |b А. Н. 
701 1 |a Пакнис  |b А. Б. 
701 1 |a Парфенов  |b О. Д. 
701 1 |a Прапорцов  |b А. М. 
701 1 |a Проклова  |b В. Д. 
701 1 |a Скворцов  |b К. Ф. 
701 1 |a Скороходов  |b Е. А. 
701 1 |a Сыроватченко  |b П. В. 
702 1 |a Скороходов  |b Е. А.  |4 340 
801 0 |a RU  |b 63413507  |c 20011210  |g PSBO 
801 2 |a RU  |b 63413507  |c 20170615  |g PSBO 
900 |a Технология приборостроения 
900 |a Технологические процессы производства электрических аппаратов 
900 |a Специальные технологические процессы электроаппаратостроения 
900 |a Специальные технологические процессы в электроаппаратостроении 
900 |a Технология автоматизированного машиностроения и приборостроения 
942 |c BK